EsDeeKid - Discography - Statistics

General Stats
  • This quiz has been taken 39 times
  • The average score is 12 of 22
Answer Stats
Hint Answer % Correct
Rebel LV Sandals
88%
Rebel Cali Man
84%
Rebel Phantom
84%
Rebel 4 Raws
78%
Rebel Mist
75%
Rebel Rottweiler
72%
Rebel 5am
66%
Rebel Panic
66%
Rebel Prague
66%
Rebel Tartan
66%
Rebel Dirty
63%
Single Palaces
63%
Single Apathy
59%
Single Ferragamo
41%
Single Bally
38%
Single Gracias
38%
Single Slurricane
31%
Single Tapped in
31%
Single Number (N)ine Freestyle
25%
Single Warmin' Up
25%
Single Little Kidda
19%
Featured Tropical Remix
19%
No matching quizzes found
Score Distribution
Percent of People with Each Score
Percentile by Number Answered
Your Score History
You have not taken this quiz